00286nam a22001097a 4500020001500000082001500015100002200030245004700052260004500099300000800144650002400152 a0199451818 a320.54 VAI aVaithees, V. Ravi aReligion , Caste and Nation In South India aNew DelhibOxford University Pressc2015 a347 aNationalism - India